Anthropologie et politique au XVIIe siècle (Record no. 100895)
[ view plain ]
| 000 -LEADER | |
|---|---|
| campo de control de longitud fija | 00426nam a2200145 i 4500 |
| 001 - NÚMERO DE CONTROL | |
| campo de control | 100895 |
| 003 - IDENTIFICADOR DE NÚMERO DE CONTROL | |
| campo de control | ES-MaACL |
| 007 - CAMPO FIJO DE DESCRIPCIÓN FÍSICA--INFORMACIÓN GENERAL | |
| campo de control de longitud fija | t| |
| 008 - DATOS DE LONGITUD FIJA--INFORMACIÓN GENERAL | |
| campo de control de longitud fija | 051006s1986 fr ||||1| fre d |
| 020 ## - NÚMERO INTERNACIONAL ESTÁNDAR DEL LIBRO | |
| Número Internacional Estándar del Libro | 2-7116-0905-7 |
| 100 1# - ENTRADA PRINCIPAL--NOMBRE DE PERSONA | |
| Nombre de persona | Matheron, Alexandre. |
| 9 (RLIN) | 79019 |
| 245 10 - MENCIÓN DEL TÍTULO | |
| Título | Anthropologie et politique au XVIIe siècle |
| Resto del título | : études sur Spinoza / |
| Mención de responsabilidad, etc. | A. Matheron. |
| 260 ## - PUBLICACIÓN, DISTRIBUCIÓN, ETC. | |
| Lugar de publicación, distribución, etc. | Paris : |
| Nombre del editor, distribuidor, etc. | J. Vrin, |
| Fecha de publicación, distribución, etc. | 1986. |
| 852 ## - LOCALIZACIÓN | |
| Ubicación | ES-MaACL |
| Número de control de estantería | G-2923 |
| Sublocalización o colección | R.113801 |
| Estatus retirado | Estado de pérdida | Estado de daño | No para préstamo | Biblioteca de origen | Biblioteca actual | Ubicación en estantería | Fecha de adquisición | Fuente de adquisición | Total de préstamos | Signatura topográfica completa | Código de barras | Visto por última vez | Precio de reemplazo | Tipo de ítem Koha |
|---|---|---|---|---|---|---|---|---|---|---|---|---|---|---|
| Biblioteca del Ateneo de Madrid | Biblioteca del Ateneo de Madrid | Depósito 2 | 17/01/2008 | G-2923 | 1105344 | 23/02/2023 | 23/02/2023 | Libro impreso |
